| 000 | 00566nam a2200193Ia 4500 | ||
|---|---|---|---|
| 008 | 230125s9999 xx 000 0 und d | ||
| 020 | _a81-86773-03-7 | ||
| 041 | _aeng | ||
| 082 |
_a306.87 _bBAT JAL |
||
| 100 | _aBatra P | ||
| 245 | _aSimple ways to live peacefully with your In-laws | ||
| 260 |
_c1996 _bThink Inc. Publication _aNew Delhi |
||
| 300 | _a85p | ||
| 440 | _aPramod Batra Series Book | ||
| 500 | _aRelationship management;Series Book;Promod Batra Series Book | ||
| 650 | _aGeneral | ||
| 700 |
_aBatra P & Jalil R _9112731 |
||
| 999 |
_c89724 _d89724 |
||